• AIU
  • Tony Wilmot Memorial Library

Bibliya Yera. / (Record no. 15093)

MARC details
000 -LEADER
fixed length control field 00517nam a22001691a 4500
003 - CONTROL NUMBER IDENTIFIER
control field NEGST
005 - DATE AND TIME OF LATEST TRANSACTION
control field 20110718123002.0
008 - FIXED-LENGTH DATA ELEMENTS--GENERAL INFORMATION
fixed length control field 030627s1993 001 0 eng d
100 1# - MAIN ENTRY--PERSONAL NAME
Personal name Societe Biblique au Rwanda.
245 10 - TITLE STATEMENT
Title Bibliya Yera. /
Statement of responsibility, etc Umuryango wa Biblia mu Rwanda.
260 ## - PUBLICATION, DISTRIBUTION, ETC. (IMPRINT)
Place of publication, distribution, etc Kigali :
Name of publisher, distributor, etc Umuryango wa Biblia mu Rwanda,
Date of publication, distribution, etc c1993.
300 ## - PHYSICAL DESCRIPTION
Extent vi, 916, 284p. : maps.
590 ## - LOCAL NOTE (RLIN)
Local note Accession number: 21473
600 10 - SUBJECT ADDED ENTRY--PERSONAL NAME
Personal name Kinyarwanda language - Texts.
630 00 - SUBJECT ADDED ENTRY--UNIFORM TITLE
Uniform title Bible. Kinyarwanda. 1993.
Holdings
Withdrawn status Lost status Source of classification or shelving scheme Damaged status Not for loan Collection code Home library Current library Shelving location Date acquired Source of acquisition Cost, normal purchase price Full call number Barcode Date last seen Copy number Price effective from Koha item type
    Library of Congress Classification     General Circulation AIU/NEGST - Tony Wilmot Memorial Library AIU/NEGST - Tony Wilmot Memorial Library General Stacks 12/03/2009 Donation 17.00 BS 325.K56 1993 R08753K3232 09/26/2019 1 12/03/2009 Africana collection (General)